Ragaszthatatlan szív
Elmentve itt :
| Szerző: | |
|---|---|
| Dokumentumtípus: | Könyv része |
| Megjelent: |
2000
|
| Sorozat: | Szövegek között
4 Irodalomtörténeti és -elméleti tanulmányok Szegedről 4 |
| Kulcsszavak: | Irodalomtörténet |
| Tárgyszavak: | |
| Online Access: | http://acta.bibl.u-szeged.hu/31985 |
| LEADER | 00723naa a2200217 i 4500 | ||
|---|---|---|---|
| 001 | acta31985 | ||
| 005 | 20220207153224.0 | ||
| 008 | 161017s2000 hu o 0|| hun d | ||
| 022 | |a 1418-0480 | ||
| 040 | |a SZTE Egyetemi Kiadványok Repozitórium |b hun | ||
| 041 | |a hun | ||
| 100 | 1 | |a Szabó Gábor | |
| 245 | 1 | 0 | |a Ragaszthatatlan szív |h [elektronikus dokumentum] / |c Szabó Gábor |
| 260 | |c 2000 | ||
| 300 | |a 165-176 | ||
| 490 | 0 | |a Szövegek között |v 4 | |
| 490 | 0 | |a Irodalomtörténeti és -elméleti tanulmányok Szegedről |v 4 | |
| 650 | 4 | |a Bölcsészettudományok | |
| 650 | 4 | |a Nyelvek és irodalom | |
| 695 | |a Irodalomtörténet | ||
| 856 | 4 | 0 | |u http://acta.bibl.u-szeged.hu/31985/1/szovegek_005_165-176.pdf |z Dokumentum-elérés |